| 000 | 00848nam a2200241 i 4500 | ||
|---|---|---|---|
| 001 | bgj | ||
| 100 | 1 | _aJANOTA, Johanes | |
| 245 | 1 | 0 |
_aDeutsche Literaturgeschichte : _bVom Mittelalter bis zum Barock / _cJohannes Janota, Helmut Scheuer, Hans-Georg Kemper. |
| 260 |
_aDüsseldorf : _bPädagogischer Verlag Schwann, _c1980. |
||
| 300 |
_a154 S. ; _c19 cm. |
||
| 490 | 1 | _aDeutsche Literaturgeschichte für die Sekundarstufe II und Studienanfänger | |
| 504 | _aBibliographie S. 153-154. | ||
| 650 | 9 | _aDeutsche Literaturgeschichte | |
| 700 | 1 | _aSCHEUER, Helmut. | |
| 700 | 1 | _aKEMPER, Hans-Georg. | |
| 830 | _aDeutsche Literaturgeschichte für die Sekundarstufe II und Studienanfänger | ||
| 020 | _a3590120061 | ||
| 040 | _cBPK | ||
| 041 | 0 | _ager | |
| 920 | _a3-590-12006-1 | ||
| 942 | _cKS | ||
| 008 | s gw f |000 0 ger | ||
| 999 |
_c50432 _d50432 |
||
| 856 |
_uhttp://koha.tu.koszalin.pl/cgi-bin/koha/opac-detail.pl?biblionumber=50432 _yKatalog online BPK |
||